Markets of the sixties
Sábháilte in:
| Údar corparáideach: | |
|---|---|
| Formáid: | LEABHAR |
| Teanga: | Béarla |
| Foilsithe / Cruthaithe: |
Nueva York
Harper & Brothers
1960
|
| Eagrán: | 3a. ed |
| Ábhair: | |
| Clibeanna: |
Cuir clib leis
Níl clibeanna ann, Bí ar an gcéad duine le clib a chur leis an taifead seo!
|
MARC
| LEADER | 00000nam a2200000 a 4500 | ||
|---|---|---|---|
| 001 | UCQ1869 | ||
| 003 | CL-VaPUC | ||
| 008 | 980721e19600000US |||||||||||||||||eng|d | ||
| 082 | 0 | 4 | |a 658.83 |b FOR |2 21 |
| 110 | 2 | |a Fortune Research Staff |e author |9 415810 | |
| 245 | 1 | 0 | |a Markets of the sixties |
| 250 | |a 3a. ed | ||
| 300 | |a 266 p | ||
| 942 | |c BK | ||
| 945 | |d 19980721 00:00:00 |a cmena | ||
| 260 | |a Nueva York |b Harper & Brothers |c 1960 | ||
| 650 | 0 | |a Marketing |9 259324 | |
| 650 | 0 | |a Consumidores |9 315658 | |
| 650 | 7 | |a PRODUCTOS |2 CL-VaPUC |9 338640 | |
| 650 | 0 | |a Investigación de mercado |9 332310 | |
| 650 | 7 | |a ESTRATEGIAS |2 CL-VaPUC |9 342878 | |
| 650 | 7 | |a PLANIFICACION Y CONTROL |2 CL-VaPUC |9 415811 | |
| 583 | |a last modification |c 19980721 00:00:00 |k Rodrigo Vera | ||
| 999 | |c 272712 |d 272710 | ||
| 952 | |0 0 |1 0 |4 0 |6 658_830000000000000_FOR_1960 |7 0 |8 A |9 307839 |a BIBGIM |b BIBGIM |d 2019-11-20 |i 1441981 |o 658.83 FOR 1960 |p 1441981 |r 2025-01-15 |w 2019-11-20 |y BK |k COM | ||